Statystyki dla Quiz o Belgii

Kliknij tutaj aby rozwiązać quiz!

Ogólne statystyki

  • Ten quiz został rozwiązany 1 487 razy
  • Średni wynik to 14 z 25

Statystyki odpowiedzi

WskazówkaOdpowiedź% Poprawnych
Stolica / region BelgiiBruksela
98%
Państwa granicząceHolandia
96%
Państwa granicząceNiemcy
96%
Państwa granicząceFrancja
94%
Najczęściej używane językifrancuski
92%
Państwa granicząceLuksemburg
92%
Najczęściej używane językiniderlandzki
78%
Morze granicząceMorze {Północne}
75%
Małe niebieskie postacie komiksoweSmerfy
69%
Co Belgowie nakładają na frytki?Majonez
64%
1920 miasto-gospodarz igrzysk olimpijskichAntwerpia
61%
Miejsce ostatniej bitwy NapoleonaWaterloo
61%
Największa afrykańska kolonia BelgiiKongo Belgijskie
59%
Region BelgiiFlamandzki
56%
Region BelgiiWaloński
47%
Jedzenie wypiekane w
urządzeniu ze wzorem w kratki
Gofry
45%
Aktor znany jako JCVDJean-Claude
Van Damme
36%
Miasto słynące z kanałówBrugia
35%
Fikcyjny detektyw powieści Agathy ChristieHerkules Poirot
32%
Obecny królFilip
29%
Malarz mięsistych kobietPeter Paul Rubens
29%
Potrawa moules-frites jest
przyrządzana z tego zwierzęcia
Małże
25%
Z produkcji czego słyną trapiści?Piwo
16%
Nieustraszony reporter, który odwiedził
Tybet, Amerykę, Sydney i nie tylko
Tintin
12%
Malarz, który pokaże ci czym rura nie jestRené Magritte
9%

Rozkład punktacji

Percentyl według liczby udzielonych odpowiedzi

Procent ludzi z każdym wynikiem

Twoja historia wyników

Nie rozwiązałeś tego quizu